000 00453nam a2200181Ia 4500
008 151202s9999||||xx |||||||||||||| ||und||
082 _bPNVM-30535
100 _aSWAMI CHINMAYANANDA.
245 _aMEDIATATION & LIFE.
260 _bCHINMAYA PUB.TRUST.
260 _c0
300 _a152
600 _aSWAMI CHINMAYANANDA.
630 _aMEDIATATION & LIFE.
700 _aSWAMI CHINMAYANANDA.
730 _aMEDIATATION & LIFE.
942 _cBOOK
999 _c1296497
_d1296494